Origami in the classroom (Record no. 13631)

000 -LEADER
fixed length control field 00641cam a2200181I 4500
020 ## - INTERNATIONAL STANDARD BOOK NUMBER
ISBN 0804804524
020 ## - INTERNATIONAL STANDARD BOOK NUMBER
ISBN 9780804804523
020 ## - INTERNATIONAL STANDARD BOOK NUMBER
ISBN 0804804532
020 ## - INTERNATIONAL STANDARD BOOK NUMBER
ISBN 9780804804530
040 ## - CATALOGING SOURCE
Transcribing agency LBE
082 04 - DEWEY DECIMAL CLASSIFICATION NUMBER
Classification number 372 CHA 1965 A011 Or.
100 1# - MAIN ENTRY--AUTHOR NAME
Personal name Araki, Chiyo
245 10 - TITLE STATEMENT
Title Origami in the classroom
300 ## - PHYSICAL DESCRIPTION
Number of Pages 2 volumes :
Other physical details illustrations (some color) ;
Dimensions 27 cm
520 ## - SUMMARY, ETC.
Summary, etc A collection of folded objects appropriate for American holidays that fall within the school year. Each object is accompanied with step-by-step instructions, appropriate grade level, time required, and list of materials
650 #0 - SUBJECT ADDED ENTRY--TOPICAL TERM
Topical Term Origami
942 ## - ADDED ENTRY ELEMENTS (KOHA)
Koha item type សៀវភៅភាសាអង់គ្លេស
952 ## - LOCATION AND ITEM INFORMATION (KOHA)
Withdrawn status [LOCAL, KOHA] 0
Holdings
Permanent Location Date acquired Koha item type Lost status Shelving location Barcode Current Location Full call number
Library Block A2017-08-29សៀវភៅភាសាអង់គ្លេស A011A18638Library Block A372 CHA 1965 A011 Or.
មជ្ឈមណ្ឌលឯការនៃសាកលវិទ្យាល័យភូមិន្ទកសិកម្មចំការដូង

Powered by Koha